Responses for show #4983 - Wednesday, April 19, 2006

Bob Mesko game 6.

Contestants

[<< previous game]

Rodney Waites, a law school administrator from Tuscaloosa, Alabama

Kathleen Larkey, an ESL teacher and program coordinator from Vancouver, British Columbia, Canada

Bob Mesko, an arts administrator from Denver, Colorado (whose 5-day cash winnings total $68,599)

[next game >>]

Jeopardy! Round responses

LANDSCAPE CRUSADER
2005 OBITS
DOGS AT WORK
GREAT BOOKS IN HAIKU
SPORTS QUOTES
"XE"-LENT
    $200 13
(Georgia) O'Keeffe

Kathleen
    $200 1
(Kathleen: Who's Marshall?)

Rehnquist

KathleenRodney
    $200 2
cross the street

Rodney
    $200 22
Robinson Crusoe

Rodney
    $200 7
left

Rodney
    $200 8
a tuxedo

Rodney
    $400 14
Grandma Moses

Kathleen
    $400 18
Anne Bancroft

Kathleen
    $1,000 3
retrievers

Rodney
    $400 23
War and Peace

Rodney
    $400 27
Don King

Kathleen
    $400 9
Boxer

Bob
    $600 15
Ansel Adams

Bob
    $600 19
Arthur Miller

Bob
    $600 4
K-9s

Kathleen
    $600 24
Catch-22

Kathleen
    $600 28
Shea Stadium

Bob
    $600 10
Luxembourg

Kathleen
    $800 16
Constable

Kathleen
    $800 20
(Kathleen: Who's Wiesel?)
...
(Alex: [*], yes, not Elie Wiesel.)

Simon Wiesenthal

BobKathleen
    $800 5
(Rodney: What is Rottweil?)

a Rottweiler

KathleenRodney
    $800 25
The Good Earth

Rodney
    $800 29
Yogi Berra

Kathleen
    $800 11
pixel

Bob
    $1000 17
the Hudson River

Bob
    $1000 21
(Alex: Yes, "The Power Of Love".)

Luther Vandross

Bob
    $1000 6
(Rodney: What is a Malamute?)
(Kathleen: What's a Lapp?)

a Samoyed

KathleenRodney
Triple Stumper
    $1000 26
Travels with Charley

Bob
    $1000 30
the New Jersey Nets

Bob
    $1000 12
xenophobia

Kathleen

Scores at the first commercial break (after clue 17):

Bob Kathleen Rodney
$2,800 $3,200 $0

Scores at the end of the Jeopardy! Round:

Bob Kathleen Rodney
$7,800 $4,600 $1,400

Double Jeopardy! Round responses

HISTORIC DOCUMENTS
THE OFFICIAL CELEBRITY HANDBOOK
(Alex: An actual how-to guide to fame.)
CONSTELLATIONS
THE NICKNAME GAME
THE "UN" COUNTRIES
BEFORE & AFTER
    $400 6
the Constitution

Bob
    $400 16
(Rodney: What is blue?)

red

Rodney
Triple Stumper
    $400 26
Ursa Major

Rodney
    $400 11
"The Edge"

Kathleen
    $400 1
Hungary

Kathleen
    $400 21
William Penn & Teller

Kathleen
    $800 7
Gettysburg

Bob
    $800 17
Virginia

Rodney
    $800 27
Aries

Bob
    $800 12
a bobby

Bob
    $800 2
Brunei

Rodney
    $800 22
Bruce Wayne Newton

Triple Stumper
    $1200 8
the immortal beloved

Rodney
    $1200 18
the paparazzi

Rodney
    $4,000 28
(Alex: That's it! Talk about water, talk about [*].)

Aquarius

Bob
    $1200 13
(Richard) Marin

Rodney
    $2,200 3
Tunisia

Rodney
    $1200 23
C.S. Lewis Carroll

Rodney
    $1600 9
"Letter from Birmingham Jail"

Rodney
    $1600 19
Bruce Willis

Triple Stumper
    $1600 29
(Rodney: What is Leda?)

Cygnus

BobRodney
    $1600 14
George H.W. Bush

Rodney
    $1600 4
the United Arab Emirates

Rodney
    $1600 24
Sugar Ray Leonard Bernstein

Kathleen
    $2000 10
the Declaration of Human Rights

Rodney
    $2000 20
Gucci

Kathleen
    $2000 30
(Rodney: What is Isis?)

Orion

Rodney
Triple Stumper
    $2000 15
"Slim"

Kathleen
    $2000 5
(Kathleen: What is Uganda?)

Burundi

BobKathleen
    $2000 25
Elmore Leonard Nimoy

Kathleen

Scores at the end of the Double Jeopardy! Round:

Bob Kathleen Rodney
$18,200 $11,400 $13,200

[wagering suggestions for these scores]

Final Jeopardy! Round responses

WORLD LEADERS
(Alex: [To Kathleen] Yes, Rajiv Gandhi was a grandson, his daughter was Indira.)
[ZergCam 1]
[ZergCam 2]
KathleenWho is Nehru?
$2,000
RodneyWho was Mahatma Ghandi?
$5,001
BobWho is Barak
$8,201
Jawaharlal Nehru

Final scores:

Bob Kathleen Rodney
$9,999 $13,400 $8,199
2nd place: $2,000 New champion: $13,400 3rd place: $1,000

Game dynamics:

Coryat scores:

Bob Kathleen Rodney
$15,400 $11,400 $11,600
17 R
(including 1 DD),
0 W
18 R,
4 W
20 R
(including 2 DDs),
5 W

Combined Coryat: $38,400

The J! Archive is created by fans, for fans. The Jeopardy! game show and all elements thereof, including but not limited to copyright and trademark thereto, are the property of Jeopardy Productions, Inc. and are protected under law. This website is not affiliated with, sponsored by, or operated by Jeopardy Productions, Inc. Join the discussion at JBoard.tv.